Sports Quiz

Random Sports or City Quiz

Manchester City's last 50 signings Quiz Stats

 Plays Quiz not verified by Sporcle

Score 0/50 Timer 10:00
0 Plays Today
Fee (Season) Player % Correct
£45m (2017/18)Bernardo Silva
94.8%
£61m (2018/19)Riyad Mahrez
94.5%
£47m (2017/18)Kyle Walker
94.1%
£25m (2010/11)David Silva
93.7%
£63m (2019/20)Rodri
91.8%
£58m (2017/18)Aymeric Laporte
90.9%
£50m (2016/17)John Stones
90.9%
£49m (2015/16)Raheem Sterling
90.8%
£68m (2015/16)Kevin De Bruyne
89.6%
£51.75m (2017/18)Benjamin Mendy
89.6%
£45m (2016/17)Leroy Sane
89.2%
£36m (2017/18)Ederson
88.7%
£28m (2016/17)Gabriel Jesus
88.7%
£36m (2011/12)Sergio Aguero
86.4%
£36m (2013/14)Fernandinho
84%
£24m (2016/17)Ilkay Gundogan
76.1%
£40m (2015/16)Nicolas Otamendi
75.1%
£27m (2017/18)Danilo
73.7%
£33m (2010/11)Edin Dzeko
71.5%
£10.35m (2015/16)Fabian Delph
69.4%
£16m (2016/17)Claudio Bravo
69.2%
Loan (2014/15)Frank Lampard
68.6%
£29m (2014/15)Wilfried Bony
68%
£24.75m (2011/12)Samir Nasri
65.8%
£27.45m (2014/15)Eliaquim Mangala
64.6%
Fee (Season) Player % Correct
£7m (2011/12)Gael Clichy
63.9%
£18m (2013/14)Jesus Navas
63.3%
£13.5m (2014/15)Fernando
62.1%
£19.8m (2010/11)James Milner
60.5%
Free (2014/15)Bacary Sagna
58.4%
£1.8m (2016/17)Oleksandr Zinchenko
56.3%
£22.5m (2013/14)Avaro Negredo
50.8%
£26.5m (2010/11)Mario Balotelli
49.7%
£10.8m (2019/20)Angelino
48.9%
£16m (2016/17)Nolito
48.8%
£23m (2013/14)Stevan Jovetic
45.7%
£21m (2010/11)Aleksandar Kolarov
43.9%
Free (2011/12)Owen Hargreaves
33.5%
£7.2m (2014/15)Willy Caballero
31.8%
£4.5m (2013/14)Martín Demichelis
29.7%
£13.5m (2012/13)Jack Rodwell
28.5%
£7m (2012/13)Scott Sinclair
28.3%
£18m (2012/13)Javi Garcia
26.4%
£10.8m (2011/12)Stefan Savic
26.4%
£6m (2015/16)Patrick Roberts
26.1%
£3m (2012/13)Maicon
23.7%
£13.6m (2012/13)Matija Nastasic
23.5%
£7.2m (2019/20)Zack Steffen
22.5%
£3m (2011/12)Costel Pantilimon
17.2%
Loan (2011/12)David Pizarro
12.1%

You're not logged in!

Compare scores with friends on all Sporcle quizzes.
OR
Log In

Sporcle TV

Today on Sporcle TV


Watch our educational content, quiz creation guides, and fun videos on Sporcle TV.

Show Comments

Extras

Top Quizzes Today


Score Distribution

Your Account Isn't Verified!

In order to create a playlist on Sporcle, you need to verify the email address you used during registration. Go to your Sporcle Settings to finish the process.

Report this User

Report this user for behavior that violates our Community Guidelines.

Details: